| 000 | 00653nam a2200217Ia 4500 | ||
|---|---|---|---|
| 003 | GCL | ||
| 008 | 140319s9999 xx 000 0 ara d | ||
| 040 |
_aGCL / _cGCL |
||
| 082 | 0 | 4 |
_a953.204 _bا ا |
| 100 | 1 | _aادجار اوبالانس | |
| 245 | 1 | 0 |
_aاليمن الثورة والحرب حتى عام 1970 / _cادجار اوبالانس |
| 700 | 1 | _aعبدالخالق محمد لاشين (مترجم) | |
| 260 |
_a[S.N] : _bمكتبة مدبولى ، _c1990 |
||
| 300 | _a351 ص | ||
| 490 | _a | ||
| 650 | 0 | 4 | _aالعصر الحديث |
| 650 | 0 | 4 | _aتاريخ |
| 650 | 0 | 4 | _aاليمن |
| 650 | 0 | 4 | _aعصر الائمه |
| 942 |
_2ddc _cBK |
||
| 999 |
_c42398 _d42398 |
||